30 biggest cities in New Jersey - Statistics

General Stats
  • This quiz has been taken 70 times
  • The average score is 14 of 30
Answer Stats
Population City % Correct
304,960 Newark
97%
89,620 Trenton
97%
291,657 Jersey City
93%
38,464 Atlantic City
79%
71,100 Camden
76%
135,829 Elizabeth
76%
156,452 Paterson
72%
57,010 Hoboken
69%
70,300 Bayonne
57%
68,903 Passaic
55%
88,461 Clifton
53%
55,846 New Brunswick
50%
30,289 Princeton
50%
60,797 Vineland
50%
64,462 Union City
47%
69,556 East Orange
43%
45,736 Hackensack
41%
50,754 West New York
41%
55,249 Perth Amboy
40%
39,700 Fort Lee
34%
43,950 Linden
28%
54,670 Plainfield
28%
29,813 Rahway
28%
39,370 Kearny
26%
29,624 Englewood
22%
45,496 Sayreville
21%
32,745 Long Branch
19%
32,456 Garfield
12%
30,559 Westfield
9%
35,564 Fair Lawn
7%
No matching quizzes found
Score Distribution
Percent of People with Each Score
Percentile by Number Answered
Your Score History
You have not taken this quiz